ewige Tabelle der österreichischen Bundesliga - Statistiken

Allgemein
  • Dieses Quiz wurde 24 mal gespielt
  • Das Durchschnittsergebnis liegt bei 6 aus 75
Antwortstatistiken
Platz Punkte Verein % Korrekt
64 22 FK Austria/ASV Puch
68%
1 5983 SK Rapid Wien
63%
2 5606 FK Austria Wien
58%
5 3254 SK Sturm Graz
53%
9 2405 LASK
47%
4 3334 FC Red Bull Salzburg
32%
8 2406 FC Wacker Innsbruck
32%
10 2150 Grazer AK
26%
30 349 WSG Tirol
21%
17 823 SK Austria Klagenfurt
16%
28 361 SKN St. Pölten
16%
20 613 SV Mattersburg
16%
19 634 Wolfsberger AC
16%
38 181 SC Austria Lustenau
11%
25 410 Schwarz-Weiß Bregenz
11%
21 545 SC Rheindorf Altach
11%
33 307 SK Vorwärts Steyr
11%
14 1011 SV Ried
11%
3 3618 FC Admira Wacker Mödling
5%
13 1047 FC Blau-Weiß Linz
5%
18 739 FC Wien
5%
23 414 Kapfenberger SV
5%
22 441 SC Wiener Neustadt
5%
32 312 TSV Hartberg
5%
12 1131 Wiener AC
5%
16 952 1. Simmeringer SC
0%
71 10 ASK Elektra Wien
0%
31 318 ASV Hertha Wien
0%
40 166 Brigittenauer AC
0%
34 293 DSV Leoben
0%
74 6 ESV Haidbrunn Wacker Wiener Neustadt
0%
41 136 Favoritner AC
0%
68 17 Favoritner SC
0%
50 51 FC Bornbirn 1913
0%
35 282 FC Juniors OÖ
0%
45 111 FC Libertas Wien
0%
62 23 FC Rätia Bludenz
0%
48 57 FC Stadlau
0%
51 44 FC Wels
0%
7 2541 First Vienna FC 1894
0%
15 1009 Floridsdorfer AC
0%
49 51 Grazer SC Straßenbahn
0%
39 174 Kremser SC
0%
67 18 KSV Ankerbrot Montelaa
0%
57 28 Post SV Wien
0%
65 21 Salzburger AK 1914
0%
55 31 SC Austro Fiat Wien
0%
24 410 SC Eisenstadt
0%
26 395 SC Hakoah Wien
0%
54 33 SC Neusiedl am See
0%
52 38 SC Olympia 33
0%
59 26 SC Ostbahn XI
0%
60 26 SC Rapid Oberlaa
0%
63 23 SCR Hochstädt Wien
0%
56 28 SC St. Veit
0%
11 1661 SC Wacker Wien
0%
73 6 SK Amateure Steyr
0%
46 89 SK Austria Kärnten
0%
72 9 SK Bischofshofen
0%
37 184 SK Slovan-Hütteldorfer AC
0%
58 26 SPC Helfort Wien
0%
29 356 SpC Rudolfshügel
0%
69 15 SV Admira Wiener Neustadt
0%
66 20 SV Donau Wien
0%
44 119 SV Franckviertel Linz
0%
70 15 SV Gloggnitz
0%
43 127 SV Grödig
0%
36 213 SV Schwechat
0%
53 33 SV Spittal/Drau
0%
64 21 USC Markersdorf
0%
42 132 VfB Mödling
0%
75 2 Vienna Cricket and Football-Club
0%
27 391 Wiener AF
0%
6 2680 Wiener Sport-Club
0%
47 68 WSG Radenthein
0%
Keine übereinstimmenden Quizze gefunden
Verteilung der Resultate
Anzahl Personen mit jedem Resultat
Perzentil nach korrekt beantworteten Fragen
Ihre Resultats-Entwicklung
Sie haben dieses Quiz noch nicht gespielt